000 00487 a2200121 4500
001 ART_49271
005 20260410161809.0
008 260409a
245 1 0 _aLa viabilidad económica o empresaria del patrimonio insolvente no es requisito de admisibilidad, continuidad y/o éxito del procedimiento concursal preventivo
100 1 _aLorente, Javier A.
700 1 _aDi Bartolo, Ariel A.
773 0 _tDoctrina Societaria y Concursal
_g- N° 380 (jul. 2019)
_wREV4298
999 _c21304
_d21304